Dreamweaver UltraDev 4: bases de datos en la web

Sparad:
Bibliografiska uppgifter
Huvudupphovsman: Pérez López, César (Författare, medförfattare)
Materialtyp: Bok
Språk:spanska
Publicerad: Ciudad de México Alfaomega 2002
Ämnen:
Taggar: Lägg till en tagg
Inga taggar, Lägg till första taggen!

MARC

LEADER 00000nam a2200000 a 4500
001 UCM9051
003 CL-VaPUC
008 030411e20020000MX |||||||||||||||||spa|d
082 0 4 |a 006.6  |b PER  |2 21 
100 0 |a Pérez López, César  |e author  |9 475392 
245 1 0 |a Dreamweaver UltraDev 4: bases de datos en la web 
300 |a 397 p 
942 |c BK 
945 |d 20030411 00:00:00  |a vberengu 
260 |a Ciudad de México  |b Alfaomega  |c 2002 
500 |a Incluye cd rom 
650 0 |a Animación por computador  |9 616332 
650 0 |a Sitios web  |9 460836 
650 7 |a DREAMWEAVER 4  |2 CL-VaPUC  |9 460848 
650 0 |a Gráficos por computador  |9 262412 
650 7 |a SISTEMAS MULTIMEDIOS  |2 CL-VaPUC  |9 332987 
583 |a last modification  |c 20030411 00:00:00  |k Rodrigo Vera 
999 |c 303432  |d 303430 
952 |0 0  |1 0  |4 0  |6 006_600000000000000_PER_2002  |7 0  |8 F  |9 364724  |a BIBING  |b BIBING  |d 2019-11-21  |i 3883620  |o 006.6 PER 2002  |p 3883620  |r 2025-01-20  |w 2019-11-21  |y BK_F  |k ING